00334nam a2200133Ia 4500008004100000020001500041041000800056082001500064100002400079245002800103250000600131260005100137300001200188210716s1979 xx 000 0 und d a0030444969 aeng a305.8 SPRJ aSpradlley, James P. aEthnographic interview. a1 aNew YorkbHolt, Rinehart and winston Incc1979 avii,247